Loading...
| Science - Physics | 0 | 8 | 1 | 1 | 75 | 35 | 78.63 | 8 | 8 | 0.00 | 0.00 |
| Science - Other | 0 | 6 | 0 | 0 | 60 | 57 | 96.67 | 4 | 6 | 0.00 | 0.00 |
| Literature - British | 0 | 4 | 0 | 0 | 40 | 103 | 128.00 | 2 | 4 | 0.00 | 0.00 |
| Literature - American | 0 | 2 | 0 | 0 | 20 | 117 | 128.00 | 1 | 2 | 0.00 | 0.00 |
| Literature - World | 0 | 2 | 0 | 0 | 20 | 108 | 116.00 | 2 | 2 | 0.00 | 0.00 |
| Fine Arts - Classical Music | 0 | 2 | 1 | 0 | 15 | 111 | 113.50 | 1 | 2 | 0.00 | 0.00 |
| Fine Arts - Other | 0 | 2 | 1 | 1 | 15 | 104 | 119.00 | 1 | 2 | 0.00 | 0.00 |
| Literature - European | 0 | 2 | 1 | 1 | 15 | 91 | 115.50 | 2 | 2 | 0.00 | 0.00 |
| Philosophy | 0 | 2 | 1 | 0 | 15 | 91 | 106.00 | 1 | 2 | 0.00 | 0.00 |
| Science - Chemistry | 0 | 1 | 0 | 0 | 10 | 110 | 110.00 | 1 | 1 | 0.00 | 0.00 |
| Social Science | 0 | 1 | 0 | 0 | 10 | 100 | 100.00 | 1 | 1 | 0.00 | 0.00 |
| History - Other | 0 | 1 | 0 | 0 | 10 | 101 | 101.00 | 0 | 1 | 0.00 | 0.00 |
| Mythology | 0 | 1 | 0 | 0 | 10 | 94 | 94.00 | 1 | 1 | 0.00 | 0.00 |
| History - American | 0 | 1 | 0 | 0 | 10 | 111 | 111.00 | 1 | 1 | 0.00 | 0.00 |
| Fine Arts - Painting and Sculpture | 0 | 1 | 0 | 0 | 10 | 115 | 115.00 | 1 | 1 | 0.00 | 0.00 |
| Religion | 0 | 0 | 1 | 0 | -5 | 0.00 | 0 | 0 | 0.00 | 0.00 |